00341nam a2200109Ia 4500008004100000082002100041100002700062245002800089260004400117630001800161650005200179211122s9999||||xx |||||||||||||| ||und|| a894.812 1bMAN-K aManavikraman Raja, K C 0aKeralolpathi Kilippattu bSahithya Pravarthaka...aKottayamc2016 xGeneral Stack aMalayalam LiteraturevMalayalam PoetryMalayalam